01666agaaa2200313 45000010005000000030009000050050017000140070009000310080040000400400023000800410013001031000047001161300037001632450216002002500022004162600115004383000033005535080203005865110072007895200100008615380016009615460013009776500056009907000055010467000065011017000059011667000063012257000064012880719IT-RoPAU20220918181224.0d cvaizq50131s9999||||xx ||| | || ||und|| aIT-RoPAUcIT-RoPAU aITALIANO aFrazzi AntoniogCodice regista SPICS: 6436 aDON MILANI IL PRIORE DI BARBIANA aDON MILANI IL PRIORE DI BARBIANAcProdotto da: Cope Cecilia -- Sceneggiatura: Petraglia Sandro Rulli Stefano -- Diretto da: Frazzi AntoniopDON MILANI IL PRIORE DI BARBIANA (Rif. Codice opera principale : F0719) aEdizione Standard a(ITALIA)bRAI CINEMAFICTION - HILAND / Distribuzione: RAI DUEg"1998 (1° ed.: 1998 ; Ed. Lingua Orig.: 1998)" aVHSbsonoro, col.c90 minuti a"Fotografia: Lecca Franco; Montaggio: Cutry Claudio; Musica: Bacalov Luis; Sceneggiatura: Petraglia Sandro Rulli Stefano; Scenografia: Narducci Maurizia; Soggetto: Petraglia Sandro -- Rulli Stefano" a"Castellitto Sergio; Occhini Ilaria; Citran Roberto; Paglia Arturo" aPUR TRA MILLE DIFFICOLTA', LA SCUOLA POPOLARE DI BARBIANA SI SEGNALA PER LE NOVITA' DIDATTICHE. aPAL, STEREO aITALIANO aDRAMMATICOeFILMS [VHS]xCodice MATERIA SPICS: 9960 aBacalov Luise(musica)gCodice Musica SPICS: 21505 aFrazzi Andreae(regista)gCodice secondo regista SPICS: 6437 aFrazzi Antonio e(regista)gCodice regista SPICS: 6436 aPetraglia Sandro e(soggetto)gCodice Soggetto SPICS: 2658 aRulli Stefano e(soggetto)gCodice Soggetto 2° SPICS: 1777